000 01217nam0a22002891 4500
001 rc\4714183
005 20130416212553.0
021 _aRU
_b[65-70559]
035 _a(NLR Aleph) 008726028
090 _a9447650
_c9447650
100 _a20130416d1965 |||y0rusy50 ca
101 0 _arus
102 _aRU
105 _aa z |||||
200 1 _aУстановка для автоматического замера углов
_fГос. ком. Совета Министров РСФСР по координации науч.-исслед. работ. Гос. науч.-исслед. ин-т науч. и техн. информации
210 _aМосква
_cБ. и.
_d1965
215 _a11 с.
_cсхем.
_d21
225 1 _aПередовой научно-технический и производственный опыт
_v№ 2-65-1222/124
300 _aНа обл. авт. не указан
333 _aИзд. подписное
606 _aУгловые измерения
_xАвтоматизация
_2psbo
700 1 _aПрохоров
_bИ. С.
_gИгорь Сергеевич
801 0 _aRU
_bNLR
_gpsbo
801 1 _aRU
_bELAR
_2rusmarc
852 _aNLR
_jП11/2295
942 _cBOOK
980 _aNB